| 000 | 00408pab a2200157 454500 | ||
|---|---|---|---|
| 008 | 180718b2012 xxu||||| |||| 00| 0 eng d | ||
| 100 | _aJoyce, Michael et al | ||
| 245 | _aQuantitative easing and unconventional monetary policy - an introduction | ||
| 260 | _c2012 | ||
| 300 | _ap.F271-F288. | ||
| 362 | _aNov | ||
| 650 | _aMonetary policy | ||
| 773 | _aEconomic Journal | ||
| 908 | _aN | ||
| 909 | _a98029 | ||
| 999 |
_c98028 _d98028 |
||